000 00814nam a22002175i 4500
001 176423
003 ES-MaACL
005 20230906220058.0
008 110113s1967 sp b |||| | spa d
080 _a27-247.6
100 0 _aSchmid, Josef.
_9144755
245 1 3 _aEl Evangelio según San Marcos /
_cJosef Schmid ; [versión castellana de Mercedes González-Haba].
260 _aBarcelona :
_bHerder,
_c1967.
300 _a452, [2] p. de mapas ;
_c22 cm.
490 1 _aBiblioteca Herder. Sección de Sagrada Escritura ;
_v93
630 0 4 _aBiblia.
_pN.T.
_pEvangelio según Marcos-
_vComentarios.
_9139831
700 1 _aGonzález-Haba, Mercedes.
_9144756
830 0 _aBiblioteca Herder. Sección de Sagrada Escritura ;
_v93
_9186862
852 _aES-MaACL
_jE-14053
_xOlim P-1228
999 _c176423
_d176423